| 000 | 01244nam a22002657a 4500 | ||
|---|---|---|---|
| 005 | 20170124103213.0 | ||
| 010 | _aB-091613 | ||
| 020 |
_c200.00 _a8188140384 |
||
| 035 | _aB-091613 | ||
| 037 | _bCen Lib/Ret | ||
| 040 |
_aDPL _bHN |
||
| 082 |
_a616 _bश्रीवास्त |
||
| 100 |
_aश्रीवास्तव, एम.पी. _946308 |
||
| 245 |
_aसवाल आपके जवाब डॉक्टर के / _cएम.पी. श्रीवास्तव [एवं] संजय श्रीवास्तव |
||
| 246 |
_aSawal apke javab doctor ke / _bby M.P. Shrivastava [evam] Sanjay Shrivastava |
||
| 260 |
_aनई दिल्ली _bविद्या विहार _c2004 |
||
| 270 |
_bनई दिल्ली _a1660 कूचा दखनीराय, दरियागंज _e110002 |
||
| 300 |
_a191पृ. _c20सेमी(सजिल्द ) |
||
| 650 |
_aस्वास्थ्य _x _z _996855 |
||
| 650 |
_aस्वास्थ्य विज्ञान _996856 |
||
| 650 |
_aHealth _996857 |
||
| 650 |
_aHealth Science _916285 |
||
| 700 |
_aश्रीवास्तव, संजय _944829 |
||
| 942 |
_2ddc _cHN _h616 _mश्रीवास्त |
||
| 999 |
_c121379 _d121379 |
||